000 00669nam a22002297a 4500
001 22775
003 BD-RjUL
005 20211209000841.0
008 140309s1989 ii a|||| |||| 001 0 eng d
020 _a8120402197
035 _a(BD-RjUL)22840
040 _aBD-RjUL
_beng
_cBD-RjUL
_dBD-RjUL
041 _aeng
082 0 0 _a650.11
_bDWH 1989
100 1 _aDwivedi, R.S.
_948084
245 1 0 _aHuman relations and organizational behaviour /
_cby R.S. Dwivedi
260 _aNew delhi :
_bOxford & IBH pub. co.pvt. Ltd.,
_c1989
300 _axiv, 509p. :
_billus. :24cm.
504 _aInclude index
650 0 _aOrganizational effectiveness.
_942222
942 _2ddc
_cBK
999 _c22775
_d22775